[Event "RM-2023-0-00282"]
[Site "LSS email"]
[Date "2023.04.09"]
[Round "?"]
[White "Baltar, Antoni"]
[Black "Ozen, Bahadir"]
[Result "1/2-1/2"]
[WhiteElo "2242"]
[BlackElo "2250"]
[PlyCount "40"]
[EventDate "2023.02.05"]
[EventType "tourn (corr)"]
[EventRounds "6"]
[EventCountry "GER"]
[SourceTitle "Corr 2024"]
[Source "ChessBase"]
[SourceDate "2023.10.19"]
[SourceVersion "1"]
[SourceVersionDate "2023.10.19"]
[SourceQuality "1"]

1. e4 e5 2. Bc4 Nf6 3. d3 c6 4. Nf3 d5 5. Bb3 a5 6. Nc3 Bb4 7. a3 Bxc3+ 8. bxc3 a4 9. Ba2 dxe4 10. Nxe5 0-0 11. 0-0 Nbd7 12. Nc4 Nd5 13. dxe4 Nxc3 14. Qd3 Nxa2 15. Rxa2 b5 16. Nd6 Ne5 17. Qd4 Be6 18. Ra1 Nc4 19. Bf4 f5 20. Rad1 fxe4 1/2-1/2

[Event "RM-2022-0-00273"]
[Site "LSS email"]
[Date "2022.11.15"]
[Round "?"]
[White "Baltar, Antoni"]
[Black "Ozen, Bahadir"]
[Result "0-1"]
[WhiteElo "2257"]
[BlackElo "2256"]
[PlyCount "28"]
[EventDate "2022.08.14"]
[EventType "tourn (corr)"]
[EventRounds "6"]
[EventCountry "GER"]
[SourceTitle "Corr 2024"]
[Source "ChessBase"]
[SourceDate "2023.10.19"]
[SourceVersion "1"]
[SourceVersionDate "2023.10.19"]
[SourceQuality "1"]

1. e4 e5 2. Nf3 Nc6 3. Bc4 Bc5 4. c3 Nf6 5. d3 d6 6. 0-0 a5 7. Re1 0-0 8. h3 h6 9. Nbd2 Be6 10. Bb5 Qb8 11. Nf1 Qa7 12. Re2 a4 13. Ng3 Qa5 14. Nh4 Qxb5 0-1

[Event "RM-2022-0-00270"]
[Site "LSS email"]
[Date "2022.10.05"]
[Round "?"]
[White "Ozen, Bahadir"]
[Black "Baltar, Antoni"]
[Result "1/2-1/2"]
[WhiteElo "2256"]
[BlackElo "2234"]
[PlyCount "35"]
[EventDate "2022.06.10"]
[EventType "tourn (corr)"]
[EventRounds "6"]
[EventCountry "GER"]
[SourceTitle "Corr 2024"]
[Source "ChessBase"]
[SourceDate "2023.10.19"]
[SourceVersion "1"]
[SourceVersionDate "2023.10.19"]
[SourceQuality "1"]

1. Nf3 Nf6 2. g3 c5 3. Bg2 Nc6 4. c4 d5 5. cxd5 Nxd5 6. d4 cxd4 7. Nxd4 Ndb4 8. Nxc6 Qxd1+ 9. Kxd1 Nxc6 10. Nc3 Bf5 11. Bxc6+ bxc6 12. f3 e5 13. e4 Be6 14. Be3 Rb8 15. b3 Ba3 16. Na4 Rb5 17. Ke2 0-0 18. Rhd1 1/2-1/2

[Event "SM-2022-0-00483"]
[Site "LSS email"]
[Date "2022.09.22"]
[Round "?"]
[White "Barbaric, Tadija"]
[Black "Baltar, Antoni"]
[Result "1/2-1/2"]
[WhiteElo "2337"]
[BlackElo "2221"]
[PlyCount "86"]
[EventDate "2022.09.05"]
[EventType "tourn (corr)"]
[EventRounds "6"]
[EventCountry "GER"]
[SourceTitle "Corr 2024"]
[Source "ChessBase"]
[SourceDate "2023.10.19"]
[SourceVersion "1"]
[SourceVersionDate "2023.10.19"]
[SourceQuality "1"]

1. e4 e5 2. Nf3 Nc6 3. Nc3 Nf6 4. d4 exd4 5. Nd5 Nb4 6. Nxd4 Nxe4 7. Nb5 Nxd5 8. Qxd5 Qe7 9. Nxc7+ Kd8 10. Bf4 d6 11. 0-0-0 Kxc7 12. Qc4+ Kd8 13. Re1 f5 14. f3 Be6 15. Qd4 Nf6 16. Bc4 d5 17. Bb3 Qd7 18. Ba4 Qf7 19. Qe5 b5 20. Bxb5 Qb7 21. Bg5 Qxb5 22. Bxf6+ gxf6 23. Qxf6+ Kc7 24. Rxe6 Rd8 25. Rd1 Qd7 26. Rde1 Kb8 27. Qxf5 Bb4 28. R1e2 Qb5 29. R6e3 Qc4 30. a3 Ba5 31. Kb1 Bb6 32. Rd3 d4 33. Re7 Qd5 34. Qxd5 Rxd5 35. g4 Rdd8 36. h4 Rde8 37. Rf7 Re1+ 38. Ka2 Rc8 39. Rd2 Rc7 40. Rf6 Rc1 41. Kb3 Kb7 42. a4 Re1 43. h5 Re3+ 1/2-1/2

[Event "SM-2022-0-00483"]
[Site "LSS email"]
[Date "2022.09.22"]
[Round "?"]
[White "Chronopoulos, Antonios"]
[Black "Baltar, Antoni"]
[Result "1/2-1/2"]
[WhiteElo "2235"]
[BlackElo "2221"]
[PlyCount "43"]
[EventDate "2022.09.05"]
[EventType "tourn (corr)"]
[EventRounds "6"]
[EventCountry "GER"]
[SourceTitle "Corr 2024"]
[Source "ChessBase"]
[SourceDate "2023.10.19"]
[SourceVersion "1"]
[SourceVersionDate "2023.10.19"]
[SourceQuality "1"]

1. e4 e5 2. Nf3 Nc6 3. Bb5 f5 4. d3 fxe4 5. dxe4 Nf6 6. 0-0 Bc5 7. Bxc6 bxc6 8. Nxe5 0-0 9. Nc3 d6 10. Na4 Qe8 11. Nd3 Bg4 12. Qe1 Bd4 13. c3 Bb6 14. Nxb6 axb6 15. f3 Be6 16. e5 dxe5 17. Qxe5 Qd7 18. Qd4 Qxd4+ 19. cxd4 Rxa2 20. Rxa2 Bxa2 21. Re1 Bc4 22. Nb4 1/2-1/2

[Event "SM-2022-0-00483"]
[Site "LSS email"]
[Date "2022.09.22"]
[Round "?"]
[White "Ozen, Bahadir"]
[Black "Baltar, Antoni"]
[Result "1/2-1/2"]
[WhiteElo "2256"]
[BlackElo "2221"]
[PlyCount "33"]
[EventDate "2022.09.05"]
[EventType "tourn (corr)"]
[EventRounds "6"]
[EventCountry "GER"]
[SourceTitle "Corr 2024"]
[Source "ChessBase"]
[SourceDate "2023.10.19"]
[SourceVersion "1"]
[SourceVersionDate "2023.10.19"]
[SourceQuality "1"]

1. e4 e5 2. Nf3 Nc6 3. Nc3 Nf6 4. Bb5 Nd4 5. Nxd4 exd4 6. e5 dxc3 7. exf6 Qxf6 8. dxc3 Bc5 9. Qe2+ Qe6 10. Qxe6+ fxe6 11. f3 Bd6 12. Bd2 b6 13. 0-0-0 a5 14. Rde1 0-0 15. Re4 Be7 16. a4 Bb7 17. Ree1 1/2-1/2

[Event "SM-2022-0-00480"]
[Site "LSS email"]
[Date "2022.09.04"]
[Round "?"]
[White "Chronopoulos, Antonios"]
[Black "Baltar, Antoni"]
[Result "1/2-1/2"]
[WhiteElo "2233"]
[BlackElo "2203"]
[PlyCount "68"]
[EventDate "2022.08.10"]
[EventType "tourn (corr)"]
[EventRounds "6"]
[EventCountry "GER"]
[SourceTitle "Corr 2024"]
[Source "ChessBase"]
[SourceDate "2023.10.19"]
[SourceVersion "1"]
[SourceVersionDate "2023.10.19"]
[SourceQuality "1"]

1. d4 d5 2. c4 e6 3. Nc3 c5 4. cxd5 cxd4 5. Qa4+ Bd7 6. Qxd4 exd5 7. Qxd5 Nf6 8. Qd1 Bc5 9. e3 Qe7 10. Be2 Nc6 11. Nf3 0-0 12. 0-0 Rfd8 13. Qb3 a6 14. Bd2 Be6 15. Qc2 Nb4 16. Qb1 Bg4 17. Rd1 g6 18. e4 Bxf3 19. Bxf3 Nd3 20. Be3 Bxe3 21. Rxd3 Ba7 22. g3 h5 23. Qf1 Rxd3 24. Qxd3 Rd8 25. Qc2 Qc5 26. Qe2 Qe5 27. Rd1 Rd4 28. b3 h4 29. Kg2 b5 30. Rxd4 Bxd4 31. Nd1 g5 32. gxh4 gxh4 33. h3 a5 34. a3 Kg7 1/2-1/2

[Event "SM-2022-0-00480"]
[Site "LSS email"]
[Date "2022.09.03"]
[Round "?"]
[White "Baltar, Antoni"]
[Black "Robertson, Gavin"]
[Result "1/2-1/2"]
[WhiteElo "2203"]
[BlackElo "2349"]
[PlyCount "51"]
[EventDate "2022.08.10"]
[EventType "tourn (corr)"]
[EventRounds "6"]
[EventCountry "GER"]
[SourceTitle "Corr 2024"]
[Source "ChessBase"]
[SourceDate "2023.10.19"]
[SourceVersion "1"]
[SourceVersionDate "2023.10.19"]
[SourceQuality "1"]

1. e4 e5 2. Nf3 Nc6 3. Bc4 Bc5 4. b4 Bxb4 5. c3 Ba5 6. d4 d6 7. Qb3 Qd7 8. 0-0 Bb6 9. Bb5 a6 10. Ba4 Ba7 11. Qb2 b5 12. Bc2 Rb8 13. Be3 Qe7 14. a4 b4 15. a5 bxc3 16. Qxc3 Nxd4 17. Nxd4 exd4 18. Bxd4 Bxd4 19. Qxd4 Nf6 20. Nc3 0-0 21. Nd5 Nxd5 22. exd5 Rb5 23. Bd3 Rc5 24. Rfc1 Rd8 25. h4 h6 26. Bf1 1/2-1/2

[Event "ZH-2022-0-02079"]
[Site "LSS email"]
[Date "2022.09.01"]
[Round "?"]
[White "Ozen, Bahadir"]
[Black "Baltar, Antoni"]
[Result "1/2-1/2"]
[WhiteElo "2245"]
[BlackElo "2206"]
[PlyCount "41"]
[EventDate "2022.09.01"]
[EventType "match (corr)"]
[EventRounds "2"]
[EventCountry "GER"]
[SourceTitle "Corr 2024"]
[Source "ChessBase"]
[SourceDate "2023.10.19"]
[SourceVersion "1"]
[SourceVersionDate "2023.10.19"]
[SourceQuality "1"]

1. e4 e5 2. Nf3 Nc6 3. Bc4 Nf6 4. d3 Bc5 5. c3 0-0 6. 0-0 d5 7. exd5 Nxd5 8. a4 a6 9. Nbd2 Kh8 10. Ne4 Ba7 11. Re1 f6 12. b4 Nce7 13. h3 Be6 14. Bd2 Bg8 15. Nc5 Bxc5 16. bxc5 Qd7 17. d4 exd4 18. cxd4 b5 19. cxb6 cxb6 20. Bd3 b5 21. Nh4 1/2-1/2